000 00422nam a22001817a 4500
003 NUST - PNEC
005 20170116181141.0
008 151008b xxu||||| |||| 00| 0 eng d
020 _a-
040 _cLIBRARY
082 _a891.4393 NAS
100 _914688
_aNaseema bin siraj
245 _aGulabi asman taly (Urdu)
_cNaseema bin siraj
250 _a-
260 _cc.2004
650 _xGeneral
942 _2ddc
_cBK
999 _c70504
_d70504